Hoa hậu thành Bát Đa

Na minha lista:
Detalhes bibliográficos
Autor principal: Vũ Kim Dũng
Formato: Livro
Idioma:Vietnamese
Publicado em: Văn hóa Thông tin 2002
Assuntos:
Tags: Adicionar Tag
Sem tags, seja o primeiro a adicionar uma tag!
Thư viện lưu trữ: Mạng thư viện Đại học Đà Nẵng
LEADER 00975nam a2200313 a 4500
001 000003778
003 04284
005 20171229145311.0
008 171229s2002 vie
040 |a LSK 
041 0 |a VIE 
082 0 |a 895.92234  |b VU-D 
100 1 |a Vũ Kim Dũng 
245 0 0 |a Hoa hậu thành Bát Đa 
260 |b Văn hóa Thông tin  |c 2002 
300 |a 334 pages  |c 19 cm. 
653 |a Văn học - Việt Nam - Tiểu thuyết 
852 |a Phòng Đọc 
901 |a 1 
927 |a Sách tham khảo 
OWN |a LSK 
AVA |a UDN50  |b LSK  |d 895.92234 VU-D  |e available  |t Error 5001 Not defined in file expand_doc_bib_avail.  |f 1  |g 0  |h N  |i 0  |k 1 
999 |a From the UDN01 
AVA |a UDN50  |b LSK  |d 895.92234 VU-D  |e available  |t Error 5001 Not defined in file expand_doc_bib_avail.  |f 1  |g 0  |h N  |i 0  |k 1 
TYP |a Monograph 
TYP |a Printed language 
980 |a Mạng thư viện Đại học Đà Nẵng